Logo quiz #1 - Statistiques

Statistiques générales
  • Ce quiz a été pris 1 797 fois
  • Le résultat moyen est 15 sur 16
Statistiques - réponses
Par images Réponse % Correct
Instagram
99%
Netflix
99%
Nike
99%
Audi
97%
Carrefour
97%
Spotify
97%
Gmail
96%
Playstation
96%
Mcdonalds
95%
Louis Vuitton
93%
Messenger
92%
Word
91%
Opel
87%
Volkswagen
87%
Nespresso
83%
Citroën
82%
Aucun quiz correspondant
Distribution des résultats
% des personnes avec chaque résultat
Percentile par nombre de réponses
Votre historique - résultats
Vous n’avez pas pris ce quiz